000 00413nam a2200169Ia 4500
008 260330s2011 xx 000 0 und d
020 _a978-0670-92160-7
041 _aeng
082 _a658.11
_bRIE
100 _aRIES ERIC
245 _aLEAN STARTUP
260 _aNew York
_bPENGUIN BOOKS LTD. PUNE
_c2011
300 _a320pg
_bPB
365 _cRs.
650 _aBusiness Enterprises
700 _aRIES ERIC
999 _c1218181
_d1218181